En quelle année? Harry Potter - Statistiques

Statistiques générales
  • Ce quiz a été pris 26 fois
  • Le résultat moyen est 17 sur 19
Statistiques - réponses
Films/Livres Année % Correct
Film: Harry Potter à l'école des sorciers 2001
100%
Livre: Harry Potter à l'école des sorciers 1997
92%
Film: Harry Potter et la chambre des secrets 2002
92%
Film: Harry Potter et le prisonnier d'Azkaban 2004
92%
Film: Harry Potter et la coupe de feu 2005
92%
Film: Harry Potter et l'ordre du phénix 2007
92%
Film: Harry Potter et le prince de sang-mêlé 2009
92%
Film: Harry Potter et les reliques de la mort pt.1 2010
92%
Film: Harry Potter et les reliques de la mort pt. 2 2011
92%
Livre: Harry Potter et l'Enfant Maudit 2016
88%
Livre: Harry Potter et la chambre des secrets 1998
84%
Livre: Harry Potter et le prisonnier d'Azkaban 1999
84%
Livre: Harry Potter et la coupe de feu 2000
84%
Livre: Harry Potter et l'ordre du phénix 2003
84%
Livre: Harry Potter et le prince de sang-mêlé 2005
84%
Livre: Harry Potter et les reliques de la mort 2007
84%
Les Animaux Fantastiques 2016
84%
Les Animaux Fantastiques: les Crimes de Grindelwald 2018
84%
Les Animaux Fantastiques: les Secrets de Dumbledore 2022
84%
Aucun quiz correspondant
Distribution des résultats
% des personnes avec chaque résultat
Percentile par nombre de réponses
Votre historique - résultats
Vous n’avez pas pris ce quiz